Vista normal
Vista MARC
Entrada Materia (corporativa)
Número de registros utilizados en: 1
001 - CONTROL NUMBER
- control field: 58339
003 - CONTROL NUMBER IDENTIFIER
- control field: Co-BoUCM
005 - DATE AND TIME OF LATEST TRANSACTION
- control field: 20140314085202.0
008 - FIXED-LENGTH DATA ELEMENTS
- fixed length control field: 140314|| aca||aabn | a|a d
040 ## - CATALOGING SOURCE
- Original cataloging agency: Co-BoUCM
- Transcribing agency: Co-BoUCM
110 ## - HEADING--CORPORATE NAME
- Corporate name or jurisdiction name as entry element: Colegio Mayor del Arzobispo Fonseca.
670 ## - SOURCE DATA FOUND
- Source citation: Work cat.: (Co-BoUCM)180930: Castro Santamaría, Ana 58337, El Colegio Mayor del Arzobispo Fonseca o de los Irlandeses , 2003